000 01877nam a22002177a 4500
003 IT-MiCISF
005 20240317152109.0
008 190731b ||||| |||| 00| 0 eng d
040 _cIT-MiCISF
041 _ait
100 _aLancini Matteo (a cura di)
_957988
245 _aIl ritiro sociale negli adolescenti.
_bLa solitudine di una generazione iperconnessa
260 _aMilano,
_bRaffaello Cortina,
_c2019
300 _app. 334
500 _aadolescenza, nuovi-media, disadattamento, educazione, dipendenza-patologica, gioco-d'azzardo, educazione-genitori
520 _aIl libro traccia il profilo di una generazione cresciuta “nella rete”, inducendo gli adulti a interrogarsi su come distinguere un uso adattivo dei social e dei videogiochi da un sintomo di malessere o dipendenza. Cyberbullismo, sexting, gioco d’azzardo e, in modo particolare, il ritiro sociale sono alcuni dei comportamenti affrontati in questo testo, ricco di indicazioni sui motivi della loro diffusione e sulle modalità di intervento. La rivoluzione digitale ha creato ambienti espressivi nei quali gli adolescenti non solo sperimentano nuove possibilità di realizzazione ma si rifugiano in occasione di gravi crisi evolutive, in una forma di autoricovero che esprime sia il dolore sia un tentativo di risolverlo, come avviene nel ritiro sociale, la più significativa manifestazione del disagio giovanile odierno. A partire dall’esperienza maturata negli ultimi quindici anni, gli autori inquadrano la psicodinamica del ritiro sociale e presentano gli orientamenti clinici che guidano la presa in carico dell’adolescente in una prospettiva evolutiva.
650 _aetà-evolutiva
_956123
654 _asaggio
700 _aZanella T.
_dCozzi E., Rossi Galante M., Buday E., Cirillo L., Scodeggio T., Conserva S., Calandra R., Giorgio C., Andorno F.
_957989
942 _2ddc
_cBK
999 _c358457
_d358457